000 00677nam a2200289Ia 4500
005 20260324115802.0
008 008 260324s9999 xx 000 0 eng d
020 _a9781315372976
037 _aEBOOK
040 _aCRL
040 _beng
040 _cCRL
041 _2eng
041 _aeng
084 _qCRL
100 _aNorhayati Zakaria
_91153628
245 0 _aCulture Matters
245 0 _bDecision-Making in Global Virtual Teams
260 _bTaylor and Francis
260 _c2016
365 _a
365 _b105
856 _uhttp://www.taylorfrancis.com/books/9781315372976
942 _cEBOOK
999 _c1747125
_d1747125